Homelessness Bill becomes law (Record no. 69807)

MARC details
000 -LEADER
fixed length control field 01058cam a2200205 4500
001 - CONTROL NUMBER
control field WB3811-19
008 - FIXED-LENGTH DATA ELEMENTS--GENERAL INFORMATION
fixed length control field 020319n2002 000 0 eng u
035 ## - SYSTEM CONTROL NUMBER
System control number (Sirsi) u117169
245 ## - TITLE STATEMENT
Title Homelessness Bill becomes law
260 ## - PUBLICATION, DISTRIBUTION, ETC.
Date of publication, distribution, etc. 2002
490 ## - SERIES STATEMENT
Series statement RICS Residential Faculty News
Volume/sequential designation 18 March 2002, (1)
520 ## - SUMMARY, ETC.
Summary, etc. The Homelessness Bill received the Royal Assent on 26 February 2002 to become the Homelessness Act 2002 . The Act reforms existing legislation on homelessness and the allocation of social housing implementing key proposals outlined in the Housing Green Paper "Quality and choice: a decent home for all" Chapter 9 and the Housing Policy Statement 'The way forward for'. Homelessness Act 2002 available at http://www.hmso.gov.uk/acts/acts2002/20020007.htm. http://www.rics.org/ricscms/bin/show?class=News&template=/includes/shownews.html&id=2094
590 ## - LOCAL NOTE (RLIN)
Local note WB
650 ## - SUBJECT ADDED ENTRY--TOPICAL TERM
Topical term or geographic name entry element HOMELESS
650 ## - SUBJECT ADDED ENTRY--TOPICAL TERM
Topical term or geographic name entry element HOUSING LAW
650 ## - SUBJECT ADDED ENTRY--TOPICAL TERM
Topical term or geographic name entry element SOCIAL HOUSING
650 ## - SUBJECT ADDED ENTRY--TOPICAL TERM
Topical term or geographic name entry element HOMELESSNESS ACT 2002
690 ## - LOCAL SUBJECT ADDED ENTRY--TOPICAL TERM (OCLC, RLIN)
Topical term or geographic name as entry element Affordable housing
9 (RLIN) 6215
942 ## - ADDED ENTRY ELEMENTS (KOHA)
Suppress in OPAC 0
Holdings
Withdrawn status Lost status Source of classification or shelving scheme Damaged status Not for loan Home library Current library Shelving location Date acquired Total Checkouts Full call number Barcode Date last seen Copy number Price effective from Koha item type
    Dewey Decimal Classification     London London News article 19/03/2002   WB3811-19 117169-1001 06/08/2019 1 06/08/2019 News article